| 000 | 01133nam a22003137a 4500 | ||
|---|---|---|---|
| 001 | 7797 | ||
| 003 | FISKH | ||
| 005 | 20260319132556.0 | ||
| 008 | 250807b cb ||||| |||| 00| 0 eng d | ||
| 020 | _a070918003998 | ||
| 020 | _a9780448437477 | ||
| 040 |
_aFISKH _beng _cFISKH _dFISKH |
||
| 050 | _aPZ8.W7185 N | ||
| 082 | _a470 | ||
| 100 |
_aWing, Natasha _d(1960-) |
||
| 245 |
_aThe night before first grade / _cBy Natasha Wing ; Illustrated by Deborah Zemke |
||
| 250 | _aThis edition first published in 2005 | ||
| 260 |
_aNew York : _bPenguin, _c2005 |
||
| 300 |
_a31 unnumbered pages : _bcolor illustrations ; _c21 cm |
||
| 505 | _aL | ||
| 520 | _aPenny's excitement over the start of first grade turns to sadness when she and her best friend are placed different classrooms, but they make the best of it--and some new friends--in this poem based on "The Night Before Christmas." | ||
| 521 | 8 |
_a510
_bLexile |
|
| 521 | 8 |
_aL
_bRaz-Plus |
|
| 650 |
_2Beginning of school _aBack to school |
||
| 650 |
_2Night before _aNervous |
||
| 700 |
_aZemke, Deborah _dillustrator |
||
| 942 |
_2ddc _cBK _n0 |
||
| 999 |
_c7797 _d7797 |
||